header

Misframing men (Record no. 142841)

MARC details
000 -LEADER
fixed length control field 01299nam a2200361Ia 4500
082 04 - DEWEY DECIMAL CLASSIFICATION NUMBER
Classification number 305.31
100 1# - MAIN ENTRY--AUTHOR NAME
Personal name Kimmel, Michael S.
245 10 - TITLE STATEMENT
Title Misframing men
260 ## - PUBLICATION, DISTRIBUTION, ETC. (IMPRINT)
Place of publication New Brunswick, N.J. :
Name of publisher Rutgers University Press,
Year of publication c2010.
300 ## - PHYSICAL DESCRIPTION
Number of Pages xi, 242 p.
650 #0 - SUBJECT ADDED ENTRY--TOPICAL TERM
Topical Term Men
Topical Term Masculinity.
Topical Term Men in mass media.
856 40 - ELECTRONIC LOCATION AND ACCESS
Uniform Resource Identifier http://site.ebrary.com/lib/rucke/Doc?id=10523585

No items available.

© 2026 Rongo University
Contact us: librarian | system librarian | Rongo university